000 01663nam a22001937a 4500
999 _c12287
_d12287
008 221205b 2022 ||||| |||| 00| 0 eng d
020 _a9781913997076
082 _a623.88
_bICS
110 _aICS (International Chamber of Shipping)
245 _aBridge procedure guide
250 _a6th ed.
260 _aLondon
_bInternational Chamber of Shipping
_c2022
300 _a193p.
520 _ahe new ICS Bridge Procedures Guide has been written to reflect the rapid technological advances taking place in the shipping industry and to equip users to deal with the digital transformation taking place on the bridge. For over 40 years, this bestselling Guide has reflected and defined current best practice on the bridges of merchant ships operating in all sectors and trades. Now in its sixth edition, it is widely acknowledged as the leading industry guidance on safe bridge procedures and is a recommended carriage on all vessels by the International Maritime Organization (IMO). Regularly used by Masters, watchkeeping officers, shipping companies, training institutions and accident investigators worldwide, the Guide continues to be an essential tool for those in charge of a navigational watch. Thoroughly revised and updated to be relevant to today’s international shipping landscape, the new edition provides clear guidance on best practice approaches to watchkeeping that make safe and effective use of modern technology, and embrace internationally agreed standards and recommendations adopted by the IMO.
650 _aEffective bridge organisation
650 _apassage planning
650 _aDuties of the Officer of the watch
942 _cBK